01293nas a2200265Ia 4500001001100000003000900011008004100020040001300061040001300074041001300087100004600100210003000146222003000176245009500206250001100301260003800312501008600350300001900436362003500455500026000490650003600750942000700786999001900793952021500812R031/43834IT-RoPAU151124c99999999xx |||||||||||| ||und|| aIT-RoPAU cIT-RoPAU aITALIANO aStucchi GaetanogCodice Aut. SPICS: 949 aRIVISTA DEL CINEMATOGRAFO aRivista Del Cinematografo aRIVISTA DEL CINEMATOGRAFO, ANNO 41-N.12 (DICEMBRE 1968)bStudi E Ricerche Sulla Mediazione a1a ed. aROMAbENTE DELLO SPETTACOLOc1968 bPaulus - SPICS - Società San Paolo EM (non-commercial uses only)cCopyright2015 a9 p. [708-716] aANNO 041, N.12 (DICEMBRE 1968) aRelazione al V Corso Nazionale di Aggiornamento Pastorale per il Clero Sugli Strumenti della Comunicazione Sociale a Vallombrosa. Recupero Mediatico della Super Valenze Linguistiche nella Pastorale Concreta degli Strumenti della Comunicazione Sociale. Co aCINEMAvPUBBLICAZIONE PERIODICA cCR c166732d166732 0010406R_031_43834000000000071aSPICSbSPICSd2015-11-25l0oR031/43834r2015-11-25 00:00:00w2015-11-25yCRzProgr. Ins: 34458 / Copia rara: NO / date import: 25.11.2015 / By Epidotti, Trombetti, Vaglietti